000 00241nam a2200097Ia 4500
001 646290
005 20250826153640.0
008 250824s9999 xx 000 0 und d
245 0 _aHikayelerle 40 Hadis
_cAyşe Serra Kara
260 _bKAYALIPARK
999 _c646290
_d646290